Antennas / (Record no. 545701)

000 -LEADER
fixed length control field 00672cam a2200193 a 4500
020 ## - INTERNATIONAL STANDARD BOOK NUMBER
International Standard Book Number 089116278X (v. 1) :
082 00 - DEWEY DECIMAL CLASSIFICATION NUMBER
Classification number 621.384135
Author Mark MAR
-- L-11 P-85
245 10 - TITLE STATEMENT
Title Antennas /
Statement of responsibility, etc. translated by Meg Sanders.
250 ## - EDITION STATEMENT
Edition statement Rev. and updated.
260 ## - PUBLICATION, DISTRIBUTION, ETC.
Place of publication, distribution, etc. Washington :
Name of publisher, distributor, etc. Hemisphere Pub. Corp.,
Date of publication, distribution, etc. 1987-1988.
300 ## - PHYSICAL DESCRIPTION
Extent 2 v. :
Other physical details ill. ;
Dimensions 25 cm.
500 ## - GENERAL NOTE
General note Translation of: Antennes.
505 0# - FORMATTED CONTENTS NOTE
Formatted contents note v. 1. General principles / E. Roubine and J.C. Bolomey -- v. 2. Applications / S. Drabowitch and C. Ancona.
526 ## - STUDY PROGRAM INFORMATION NOTE
Program name 0
Interest level 0
Reading level 0
Title point value 621_384135000000000_MAR
650 #0 - SUBJECT ADDED ENTRY--TOPICAL TERM
Topical term or geographic name entry element Antennas (Electronics)
9 (RLIN) 593
650 #0 - SUBJECT ADDED ENTRY--TOPICAL TERM
Topical term or geographic name entry element MCE
9 (RLIN) 379
700 1# - ADDED ENTRY--PERSONAL NAME
Personal name Roubine, E.
9 (RLIN) 41650
942 ## - ADDED ENTRY ELEMENTS (KOHA)
Source of classification or shelving scheme
Koha item type Book
Holdings
Withdrawn status Lost status Source of classification or shelving scheme Damaged status Not for loan Permanent Location Current Location Date acquired Total Checkouts Full call number Barcode Date last seen Date last checked out Price effective from Koha item type
          Military College of Engineering (MCE) Military College of Engineering (MCE) 05/28/2014 1 621.384135 MAR MCE-2963 06/12/2014 05/28/2014 05/28/2014 Book
© 2023 Central Library, National University of Sciences and Technology. All Rights Reserved.